Najwyższe przegrane państw UEFA - Statystyki

Ogólne statystyki
  • Ten quiz został rozwiązany 99 razy
  • Średni wynik to 43 z 55
Statystyki odpowiedzi
Przegrany Wynik Wygrany % Poprawnych
Turcja 0:8 Polska|Anglia
99%
Hiszpania 1:7 Anglia|Włochy
97%
Luksemburg 0:9 Portugalia|Anglia
94%
Szwajcaria 0:9 Anglia|Węgry
92%
Izrael 1:7 Egipt|Niemcy
90%
Azerbejdżan 0:10 Francja
90%
Gibraltar 0:14 Francja
90%
Kazachstan 0:8 Francja
90%
Słowenia 0:5 Francja
90%
Ukraina 1:7 Francja
90%
Finlandia 0:13 III Rzesza
90%
Dania 0:8 Niemcy
90%
San Marino 0:13 Niemcy
90%
Cypr 0:12 RFN
90%
Bułgaria 0:13 Hiszpania
89%
Chorwacja 0:6 Hiszpania
89%
Gruzja 1:7 Hiszpania
89%
Malta 1:12 Hiszpania
89%
Szwecja 0:7 Wielka Brytania
87%
Austria 1:11 Anglia
86%
Belgia 2:11 Anglia
86%
Czarnogóra 0:7 Anglia
86%
Czechy 0:5 Anglia
86%
Holandia 2:12 Anglia
86%
Irlandia Płn 0:13 Anglia
86%
Macedonia 0:7 Anglia
86%
Niemcy 0:9 Anglia
86%
Portugalia 0:10 Anglia
86%
Bośnia 0:5 Portugalia
83%
Rosja 1:7 Portugalia
83%
Serbia 0:6 Argentyna
79%
Słowacja 0:6 Argentyna
79%
Irlandia 0:7 Brazylia
76%
Węgry 1:8 Holandia
76%
Białoruś 0:8 Belgia
75%
Francja 1:17 Dania
75%
Islandia 2:14 Dania
75%
Mołdawia 0:8 Dania
75%
Norwegia 0:12 Dania
75%
Polska 0:8 Dania
75%
Łotwa 0:12 Szwecja
73%
Albania 0:12 Węgry
72%
Anglia 1:7 Węgry
72%
Grecja 1:11 Węgry
72%
Rumunia 0:9 Węgry
72%
Włochy 1:7 Węgry
72%
Wyspy Owcze 0:7 Norwegia|Rumunia
62%
Andora 1:8 Czechy
59%
Kosowo 0:6 Chorwacja
56%
Walia 0:9 Szkocja
56%
Armenia 0:9 Norwegia
55%
Estonia 2:10 Finlandia
45%
Szkocja 0:7 Urugwaj
42%
Litwa 0:10 Egipt
20%
Liechtenstein 1:11 Macedonia Północna
11%
Nie znaleziono quizów pasujących do podanych kryteriów
Rozkład punktacji
Procent ludzi z każdym wynikiem
Percentyl według liczby udzielonych odpowiedzi
Twoja historia wyników
Nie rozwiązałeś tego quizu